01398nam a2200229Ia 4500001000600000003000900006008004100015040001300056040001300069041001300082100001100095100002900106245005100135245005100186250001100237260003700248260004900285300004300334500073500377650002501112650003101137E8678IT-RoPAU130308s9999 xx 000 0 und d aIT-RoPAU cIT-RoPAU aITALIANO aAA.VV. gCodice Aut. SPICS: 12000 a"Atti del convegno ""piccoli e grandi media""" b"Atti del Convegno ""Piccoli e Grandi Media""" a1a ed. bConsiglio Regionale Del Piemonte c1988 [1° Ed.:1988 - Ed.Ling.Originale:1988] a"314 p. (prefazione: no ; testo: 314)" a"Atti del Convegno Organizzato a torino dal 20 al 22 Ottobre 1988. relazioni e Interventi di Autori vari con tavole Rotonde di Apporfondimento. Cinquerelazioni di Esperti nel Campo dell'informazione e Comunicazione. Rapportitra le regioni e Il Sistema dell'Informazione. Saluti e partecipazione di varie Personalità€ del Mondo Politico Nazionale e regionale e del Mondo Giornalistico. Prima Sessione Parallela su ""Sistema radiotelevisivo Pubblico Eprivato"" con Interventi vari Coordinati da Mario di Nubila. seconda Sessione Parallela su ""Stampa regionale e Locale, Editoria delle Regioni"" con Interventi Coordinati da Stefano Rolando. tavola rotonda su ""Le ragioni per L'Informazione"" con Moderatore Giuseppe Santaniello." aSAGGI SUI MASS MEDIA eCodice materia Spics: 6111